000 00346nam a2200145Ia 4500
008 230917s9999||||xx |||||||||||||| ||und||
040 _e247014
_aMAIN
041 _aEnglish
082 _a346.0134 D36L
100 _aDeepika
245 0 _aLive in relationship in India: A socio-legal study
260 _c2016
300 _a77 p.
942 _cTH
999 _c127975
_d127975